000 00547nam a2200193Ia 4500
005 20250508160437.0
008 008 250505s9999 xx 000 0 eng d
037 _aTextual
040 _aFEDL
_beng
_cFEDL
041 _aeng
_2eng
084 _a025.299, HAW
_qFEDL
100 _aHawken William R
245 0 _aEnlarged prints from library microforms
260 _aChicago
_bAmerican Library Association
_c1963
300 _aix,131p.
650 _aLibrary Science
942 _cTEXL
_h025.299, HAW
999 _c1364637
_d1364637